Integrated Science (Is) For Middle School Via Interactive Digital Book / (Record no. 591088)
[ view plain ]
| 000 -LEADER | |
|---|---|
| fixed length control field | 00515nam a22001577a 4500 |
| 003 - CONTROL NUMBER IDENTIFIER | |
| control field | NUST |
| 082 ## - DEWEY DECIMAL CLASSIFICATION NUMBER | |
| Classification number | 200 |
| 100 ## - MAIN ENTRY--PERSONAL NAME | |
| Personal name | Imtiaz, Kanwal |
| 245 ## - TITLE STATEMENT | |
| Title | Integrated Science (Is) For Middle School Via Interactive Digital Book / |
| Statement of responsibility, etc. | Kanwal Imtiaz |
| 264 ## - PRODUCTION, PUBLICATION, DISTRIBUTION, MANUFACTURE, AND COPYRIGHT NOTICE | |
| Place of production, publication, distribution, manufacture | Islamabad : |
| Name of producer, publisher, distributor, manufacturer | SEECS, NUST, |
| Date of production, publication, distribution, manufacture, or copyright notice | 2022. |
| 300 ## - PHYSICAL DESCRIPTION | |
| Extent | 89 p. ; |
| 650 ## - SUBJECT ADDED ENTRY--TOPICAL TERM | |
| Topical term or geographic name entry element | MS-Innovative Technologies in Learning |
| 700 ## - ADDED ENTRY--PERSONAL NAME | |
| Personal name | Supervisor: Nasir Mahmood |
| 856 ## - ELECTRONIC LOCATION AND ACCESS | |
| Uniform Resource Identifier | <a href="http://10.250.8.41:8080/xmlui/handle/123456789/30034">http://10.250.8.41:8080/xmlui/handle/123456789/30034</a> |
| 942 ## - ADDED ENTRY ELEMENTS (KOHA) | |
| Source of classification or shelving scheme | |
| Koha item type | Soft Copy |
| Withdrawn status | Permanent Location | Current Location | Shelving location | Date acquired | Full call number | Barcode | Koha item type |
|---|---|---|---|---|---|---|---|
| Central Library (CL) | Central Library (CL) | Thesis | 08/17/2022 | 200 | CL-T-6616 | Soft Copy |
